000 00670nam a2200229Ia 4500
003 OSt
005 20220927105827.0
006 a|||||r|||| 00| 0
007 ta
008 220926b |||||||| |||| 00| 0 eng d
024 _a203293
037 _cReference Collections
040 _aRTL
_cRTL
_beng
041 _2eng
_aeng
082 _a"Y592-73(Q2).2, Q1"
100 _aOMVEDT Gail
_9363618
245 0 _aUnderstanding caste
_b From Buddha to Ambedkar and beyond
260 _a"Delhi,"
_b"Orient Blackswan, "
_c2011
300 _a"vii,115p."
_ccm.
942 _h"Y592-73(Q2).2, Q1"
_cCC
999 _c694902
_d694902